Представление документа в формате MARC21

Поле Инд. ПП Название Значение
Тип записи a
Библиографический уровень m
001 Контрольный номер 73acd13a-25d0-4249-9e17-5605a1172bed
005 Дата корректировки 20140703164834.8
008 Кодируемые данные 080529
020 a ISBN 978-5-238-01417-3
c Цена, тираж 198.00
040 a Служба первич. каталог. НБ ТвГУ
041 a Код языка текста rus
080 a Индекс УДК 930.85(100)(091)(075.32)
084 a Индекс другой классификации/Индекс ББК Т3(0)0-7я723-1
090 x Авторский знак С14
a Полочн. индекс Т3(0)
100 1_ a Автор Садохин Алексей Петрович
245 10 a Заглавие Мировая художественная культура
b Продолж. заглавия учеб. пособие для учащихся сред. проф. учеб. заведений
c Ответственность А. П. Садохин
260 0_ a Место издания Москва
b Издательство ЮНИТИ
c Дата издания 2008
300 a Объем 431 с.
b Иллюстрации/ тип воспроизводства ил.
440 a Серия Cogito ergo sum
504 a Библиография Библиогр. в конце гл.
583 a Действие Получение впервые 139 29.05.2008
k Исполнитель действия ООО "Издательство ЮНИТИ-ДАНА"
650 a Основная рубрика Культура
x Основная подрубрика История
x Основная подрубрика Учебники для средних специальных учебных заведений
653 a Ключевые слова Культура
a Ключевые слова История культуры
a Ключевые слова Художественная культура
a Ключевые слова Мировая культура
a Ключевые слова История мировой культуры
a Ключевые слова Цивилизация
852 t Порядковый номер экземпляра 3
p Инвентарный номер 910258
p Инвентарный номер 910259
p Инвентарный номер 910260
863 t 00239957
863 t 00239958
863 t 00239959
888 a За счет средств университета
930 a Новая/Ретро учебники
952 p 139.2008 198.00 1 910258
p 139.2008 198.00 1 910259
p 139.2008 198.00 1 910260
c Вид литературы К ру
954 a Дата поступления на обработку 20080530
999 a Подразделение 2 Фил2